[Event "19th Voronezh Master Open"]
[Site "Voronezh RUS"]
[Date "2015.06.13"]
[Round "2.7"]
[White "Burmakin, Vladimir"]
[Black "Sergienko, Sergey"]
[Result "1/2-1/2"]
[WhiteTitle "GM"]
[BlackTitle "IM"]
[WhiteElo "2571"]
[BlackElo "2362"]
[WhiteFideId "4105109"]
[BlackFideId "4115791"]
[EventDate "2015.06.12"]

1. Nf3 Nf6 2. g3 d5 3. Bg2 Bf5 4. c4 c6 5. O-O e6 6. cxd5 exd5 7. d3 Be7 8. Qb3
Qb6 9. Qc2 O-O 10. Nc3 h6 11. e4 Bh7 12. Be3 Qa6 13. Rfe1 Nbd7 14. Bf1 dxe4 15.
dxe4 Qa5 16. a3 Qh5 17. Bg2 Ng4 18. Bd4 c5 19. h3 cxd4 20. hxg4 Qxg4 21. Nxd4
Rac8 22. Qd1 Qxd1 23. Raxd1 Nb6 24. Ndb5 a6 25. Nd6 Bxd6 26. Rxd6 Nc4 27. Rd7
Nxb2 28. Nd5 Rb8 29. Rb1 Nc4 30. Rbxb7 Rxb7 31. Rxb7 Nxa3 32. Ra7 Re8 33. Rxa6
Nb5 34. Rb6 Nd4 35. Nc7 Rc8 36. Nd5 Kf8 37. f4 Ne2+ 38. Kf2 Nc3 39. Nxc3 Rxc3
40. Rb8+ Ke7 41. Rb7+ Kf8 42. f5 Rc8 43. Bf1 f6 44. Bb5 Bg8 45. Bd7 Rd8 46. Ke3
Bf7 47. Kf4 Be8 48. Be6 Rd3 49. Bc4 Rc3 50. Bd5 Rd3 51. Ra7 Rc3 1/2-1/2

[Event "19th Voronezh Master Open"]
[Site "Voronezh RUS"]
[Date "2015.06.13"]
[Round "2.8"]
[White "Maiorov, Nikita1"]
[Black "Provotorov, Ivan"]
[Result "1/2-1/2"]
[WhiteTitle "GM"]
[BlackTitle "FM"]
[WhiteElo "2560"]
[BlackElo "2357"]
[WhiteFideId "13501720"]
[BlackFideId "4154657"]
[EventDate "2015.06.12"]

1. d4 d5 2. c4 c6 3. Nc3 Nf6 4. e3 a6 5. Qc2 e6 6. c5 Nbd7 7. Nf3 e5 8. Be2 e4
9. Nd2 Be7 10. Nb3 Nf8 11. Bd2 Ng6 12. Na4 O-O 13. Ba5 Qe8 14. h3 Nh4 15. Rg1
Bd8 16. O-O-O Nd7 17. Qc3 Bg5 18. Bc7 f5 19. g3 Nf3 20. Rh1 Rf7 21. Bd6 Qe6 22.
Qb4 Bd8 23. Bxf3 exf3 24. Nd2 a5 25. Qa3 Nf6 26. Nxf3 Ne4 27. Ne5 Nxf2 28. Nxf7
Kxf7 29. Rhf1 Nxd1 30. Rxd1 Bd7 31. Be5 f4 32. exf4 Qxh3 33. Qb3 Bc8 34. Re1 Qg2
35. Kb1 Qd2 36. Rd1 Bf5+ 37. Ka1 Qb4 38. Qxb4 axb4 39. b3 h5 40. Kb2 g5 41. Nb6
Bxb6 42. cxb6 h4 43. g4 Be4 44. fxg5 Re8 45. Rf1+ Kg6 46. Rf6+ Kxg5 47. Rf7 h3
48. Bd6 Re6 49. Bb8 Bg6 50. Rxb7 Re2+ 51. Kc1 Rc2+ 52. Kd1 h2 53. Bxh2 Rxh2 54.
Rg7 Rh8 55. b7 Rb8 56. Ke2 Kf6 57. Rc7 Kg5 58. Rg7 Kf6 59. Rc7 Kg5 1/2-1/2

[Event "19th Voronezh Master Open"]
[Site "Voronezh RUS"]
[Date "2015.06.13"]
[Round "2.9"]
[White "Savchenko, Boris"]
[Black "Kholopov, Alexander A."]
[Result "1-0"]
[WhiteTitle "GM"]
[BlackTitle "FM"]
[WhiteElo "2556"]
[BlackElo "2352"]
[WhiteFideId "4147332"]
[BlackFideId "4148100"]
[EventDate "2015.06.12"]

1. e4 c5 2. Nf3 Nc6 3. d4 cxd4 4. Nxd4 Qb6 5. Nb3 Nf6 6. Nc3 e6 7. Be3 Qc7 8. a3
a6 9. f4 d6 10. g4 b5 11. Qe2 Be7 12. Bg2 Bb7 13. O-O-O O-O-O 14. h4 Nd7 15. Rh3
Kb8 16. Nd5 exd5 17. exd5 Nce5 18. fxe5 Nxe5 19. Bd4 Rhe8 20. Rc3 Nc4 21. Qf2
Qd7 22. g5 Bf8 23. Qf4 Qe7 24. Bg1 f6 25. Qd4 Ba8 26. Kb1 Rc8 27. Ka2 Rc7 28.
Na5 Nxa5 29. Qb6+ Bb7 30. Qa7+ Kc8 31. Bh3+ Kd8 32. Qb8+ 1-0

[Event "19th Voronezh Master Open"]
[Site "Voronezh RUS"]
[Date "2015.06.13"]
[Round "2.10"]
[White "Zubkov, Vsevolod"]
[Black "Fedorov, Alexei"]
[Result "0-1"]
[BlackTitle "GM"]
[WhiteElo "2371"]
[BlackElo "2555"]
[WhiteFideId "24136760"]
[BlackFideId "13500465"]
[EventDate "2015.06.12"]

1. d4 Nf6 2. Nf3 g6 3. c4 Bg7 4. g3 c5 5. Bg2 O-O 6. O-O Nc6 7. Nc3 cxd4 8. Nxd4
Ng4 9. e3 d6 10. b3 Nxd4 11. exd4 Nh6 12. Bb2 Nf5 13. Nd5 e6 14. Ne3 Nxe3 15.
fxe3 Rb8 16. Qe2 Bd7 17. d5 Bxb2 18. Qxb2 b5 19. dxe6 Bxe6 20. cxb5 Rxb5 21.
Rad1 Qc7 22. Rd4 Rc5 23. Qf2 Rc2 24. Rd2 Rc8 25. Rxc2 Qxc2 26. Qxc2 Rxc2 27. Rf2
Rc1+ 28. Rf1 Rc3 29. e4 Kf8 30. Rf2 Ke7 31. Kf1 a5 32. Ke2 a4 33. Kd2 Rc7 34.
bxa4 Rc4 35. Rf3 Rxa4 36. a3 g5 37. Rd3 Ra6 38. Ke3 Kf6 39. Rc3 Rb6 40. Bf1 Rb2
41. Be2 Ke5 42. g4 h6 43. h3 Ra2 44. Bf1 Ra1 45. Be2 Rh1 46. Kf2 Rh2+ 47. Ke1
Kd4 48. Rd3+ Kxe4 49. Rxd6 Rxh3 50. a4 Ra3 51. Bd1 Ke3 52. Rc6 Ra1 53. Rc3+ Kd4
54. Rg3 Bd7 55. Ke2 Bxa4 56. Bxa4 Rxa4 57. Rf3 Ke5 58. Rxf7 Rxg4 59. Rh7 Rh4 60.
Kf3 Kf5 61. Ra7 Rh3+ 62. Kg2 Re3 63. Ra5+ Kf4 64. Ra4+ Re4 65. Ra8 h5 66. Ra2 h4
67. Kh2 g4 68. Rf2+ Kg5 69. Ra2 h3 70. Ra8 Re2+ 71. Kh1 Kf4 72. Ra1 g3 73. Rg1
Ke5 0-1

[Event "19th Voronezh Master Open"]
[Site "Voronezh RUS"]
[Date "2015.06.13"]
[Round "2.11"]
[White "Tukhaev, Adam"]
[Black "Zakaryan, David"]
[Result "1/2-1/2"]
[WhiteTitle "GM"]
[BlackTitle "FM"]
[WhiteElo "2552"]
[BlackElo "2315"]
[WhiteFideId "14109476"]
[BlackFideId "24101923"]
[EventDate "2015.06.12"]

1. e4 c5 2. Nf3 Nc6 3. d4 cxd4 4. Nxd4 Qc7 5. c4 Nf6 6. Nc3 Nxe4 7. Nxe4 Qe5 8.
Be3 Qxe4 9. Nb5 Qe5 10. Qd2 a6 11. f4 Qb8 12. Nc3 e6 13. c5 Be7 14. Be2 O-O 15.
O-O d5 16. cxd6 Qxd6 17. Qxd6 Bxd6 18. Bb6 Bb8 19. Bc4 Ba7 20. Na4 Nb8 21. f5
exf5 22. Bxa7 Rxa7 23. Nb6 Nd7 24. Nxc8 Rxc8 25. Rac1 Kf8 26. Rxf5 f6 27. Rff1
b5 28. Bd3 Rxc1 29. Rxc1 g6 30. Bf1 Ke7 31. Rc6 Ne5 32. Rb6 Nd7 33. Rc6 Ne5 34.
Rb6 h5 35. h3 Nd7 36. Rc6 Ne5 37. Rb6 h4 38. b4 g5 39. Be2 a5 40. a3 axb4 41.
axb4 Ra2 42. Kf1 Nc4 43. Bxc4 bxc4 44. Rc6 Ra1+ 45. Kf2 Ra2+ 46. Kf1 Rc2 47. b5
Kd7 48. Rxf6 c3 49. Rc6 Rc1+ 50. Kf2 c2 51. Rc3 Ke6 52. b6 g4 53. Ke3 g3 54. Ke4 1/2-1/2

[Event "19th Voronezh Master Open"]
[Site "Voronezh RUS"]
[Date "2015.06.13"]
[Round "2.12"]
[White "Rozum, Ivan"]
[Black "Sargissyan, Sargis"]
[Result "1/2-1/2"]
[WhiteTitle "GM"]
[BlackTitle "FM"]
[WhiteElo "2539"]
[BlackElo "2313"]
[WhiteFideId "24104272"]
[BlackFideId "13303210"]
[EventDate "2015.06.12"]

1. d4 Nf6 2. c4 g6 3. Nc3 Bg7 4. e4 d6 5. f3 O-O 6. Be3 Nc6 7. Nge2 a6 8. Qd2
Na5 9. Nc1 Nd7 10. Nb3 Nxb3 11. axb3 c5 12. Be2 cxd4 13. Bxd4 Bxd4 14. Qxd4 Nc5
15. Ra3 Rb8 16. O-O e5 17. Qe3 Ne6 18. Bd3 Nf4 19. Ne2 Nxd3 20. Qxd3 b5 21. cxb5
Rxb5 22. Nc3 Qb6+ 23. Rf2 Rb4 24. Nd5 Rd4 25. Qc2 Qa7 26. Nc3 Qb6 27. Nd5 Qa7
28. Nc3 Qb6 29. Nd5 1/2-1/2

[Event "19th Voronezh Master Open"]
[Site "Voronezh RUS"]
[Date "2015.06.13"]
[Round "2.13"]
[White "Rodin, Dmitrij"]
[Black "Zontakh, Andrey"]
[Result "1/2-1/2"]
[WhiteTitle "FM"]
[BlackTitle "GM"]
[WhiteElo "2360"]
[BlackElo "2538"]
[WhiteFideId "4127412"]
[BlackFideId "14101130"]
[EventDate "2015.06.12"]

1. e4 c6 2. d4 d5 3. Nc3 dxe4 4. Nxe4 Bf5 5. Ng3 Bg6 6. h4 h6 7. Nf3 e6 8. Ne5
Bh7 9. Bd3 Bxd3 10. Qxd3 Nd7 11. f4 Bb4+ 12. c3 Be7 13. Bd2 Ngf6 14. O-O-O O-O
15. Kb1 c5 16. Be3 Qc7 17. Nxd7 Nxd7 18. d5 exd5 19. Qxd5 Rfd8 20. Nf5 Bf8 21.
g4 Nb6 22. Qf3 Rxd1+ 23. Rxd1 Rd8 24. Bc1 Rxd1 25. Qxd1 Qc6 26. Qe2 Nd5 27. c4
Nf6 28. g5 hxg5 29. hxg5 Ne4 30. Ne3 Qe6 31. Qd3 g6 32. Nd5 Bg7 33. Be3 b6 34.
a3 Kh7 35. Ka2 Nd6 36. Kb1 b5 37. b3 bxc4 38. bxc4 Ne4 39. Kc2 a5 40. Bc1 Nf2
41. Qe3 Qf5+ 42. Kd2 Bd4 43. Qf3 Qb1 44. f5 gxf5 45. Ne7 Bc3+ 46. Ke2 Qc2+ 47.
Kf1 Qxc1+ 48. Kxf2 Be1+ 49. Ke2 Qd2+ 50. Kf1 Qxg5 51. Nxf5 Bc3 52. Qe4 Qf6 53.
Kg2 Qg6+ 54. Kf3 Bf6 55. a4 Qh5+ 56. Kg2 Qg6+ 57. Kf3 Qh5+ 58. Kg2 Qg6+ 1/2-1/2

[Event "19th Voronezh Master Open"]
[Site "Voronezh RUS"]
[Date "2015.06.13"]
[Round "2.14"]
[White "Kharchenko, Boris"]
[Black "Lomasov, Semen"]
[Result "1/2-1/2"]
[WhiteTitle "GM"]
[BlackTitle "FM"]
[WhiteElo "2515"]
[BlackElo "2305"]
[WhiteFideId "14113210"]
[BlackFideId "24164879"]
[EventDate "2015.06.12"]

1. e4 e6 2. d4 d5 3. Nd2 Nc6 4. Ngf3 Nf6 5. e5 Nd7 6. Bb5 a6 7. Bxc6 bxc6 8. Nb3
a5 9. Bg5 Be7 10. Bxe7 Qxe7 11. O-O a4 12. Nc1 Ba6 13. Re1 O-O 14. c3 c5 15. Nd3
Bxd3 16. Qxd3 c4 17. Qc2 c5 18. b3 axb3 19. axb3 cxd4 20. cxd4 Nb6 21. Rab1 cxb3
22. Rxb3 Rfc8 23. Qb1 Nc4 24. Rb7 Rc7 25. Rb8+ Rc8 26. Rb7 Rc7 27. Rb8+ Rc8 28.
Rb7 Rc7 1/2-1/2

[Event "19th Voronezh Master Open"]
[Site "Voronezh RUS"]
[Date "2015.06.13"]
[Round "2.15"]
[White "Esipenko, Andrey"]
[Black "Levin, Evgeny A."]
[Result "1/2-1/2"]
[WhiteTitle "FM"]
[BlackTitle "GM"]
[WhiteElo "2355"]
[BlackElo "2515"]
[WhiteFideId "24175439"]
[BlackFideId "4182596"]
[EventDate "2015.06.12"]

1. d4 Nf6 2. c4 e6 3. Nf3 Bb4+ 4. Nbd2 O-O 5. a3 Be7 6. e4 d5 7. e5 Nfd7 8. Qc2
c5 9. Bd3 h6 10. O-O Nc6 11. Re1 a5 12. Nb3 a4 13. Nxc5 Nxd4 14. Nxd4 Nxc5 15.
Bf1 dxc4 16. Qxc4 Qd5 17. Nf5 Bg5 18. Bxg5 Qxc4 19. Bxc4 hxg5 20. Nd6 Bd7 21.
Rad1 Bc6 22. h4 gxh4 23. Rd4 h3 24. gxh3 g6 25. Kh2 Kg7 26. Kg3 Rh8 27. Re3 Rh6
28. h4 Rf8 29. Be2 f6 30. exf6+ Rxf6 31. Re5 Nb3 32. Rd1 Rh8 33. Ne4 Bxe4 34.
Rxe4 Nc5 35. Rb4 Rc8 36. f4 Rc7 37. Bf3 Rff7 38. Rb5 Kf6 39. Rd4 Ke7 40. Bd1 Rf5
41. Bxa4 Nxa4 42. Rxf5 exf5 43. Rxa4 Kd6 44. Rb4 Kc5 45. Kf3 Rh7 46. Rb3 b5 47.
Rc3+ Kd4 48. Kg3 Re7 49. Kf3 Re1 50. Rb3 Kc4 51. Rc3+ Kd4 52. Rb3 Kc4 53. Rc3+
Kd4 54. Rb3 1/2-1/2

[Event "19th Voronezh Master Open"]
[Site "Voronezh RUS"]
[Date "2015.06.14"]
[Round "3.1"]
[White "Papin, Vasily"]
[Black "Ponkratov, Pavel"]
[Result "1-0"]
[WhiteTitle "GM"]
[BlackTitle "GM"]
[WhiteElo "2480"]
[BlackElo "2610"]
[WhiteFideId "4143183"]
[BlackFideId "4157800"]
[EventDate "2015.06.12"]

1. c4 Nf6 2. Nc3 g6 3. g3 Bg7 4. Bg2 O-O 5. e4 c5 6. Nge2 Nc6 7. d3 Rb8 8. Be3
d6 9. h3 a6 10. a4 Ne8 11. d4 cxd4 12. Nxd4 Nc7 13. O-O Ne6 14. Nde2 Nc5 15. Rb1
f5 16. b4 Nxe4 17. Nxe4 fxe4 18. Qd5+ Kh8 19. g4 Ne5 20. Qxe4 b5 21. cxb5 axb5
22. Nd4 Bb7 23. Qc2 Bxg2 24. Kxg2 Qd7 25. axb5 Nxg4 26. Qc6 Qa7 27. Ra1 Nxe3+
28. fxe3 Qb6 29. Rxf8+ Bxf8 30. Qxb6 Rxb6 31. Ra6 Rb7 32. b6 Bh6 33. Kf3 e5 34.
Ra8+ Kg7 35. Ra7 1-0

[Event "19th Voronezh Master Open"]
[Site "Voronezh RUS"]
[Date "2015.06.14"]
[Round "3.2"]
[White "Potapov, Pavel"]
[Black "Bocharov, Dmitry"]
[Result "1/2-1/2"]
[WhiteTitle "IM"]
[BlackTitle "GM"]
[WhiteElo "2478"]
[BlackElo "2580"]
[WhiteFideId "4169786"]
[BlackFideId "4138716"]
[EventDate "2015.06.12"]

1. e4 d6 2. d4 Nf6 3. Nc3 g6 4. g3 Nbd7 5. Bg2 Bg7 6. Nge2 c5 7. O-O Rb8 8. dxc5
Nxc5 9. Be3 b6 10. Bd4 e5 11. Bxc5 bxc5 12. b3 O-O 13. Nd5 Nxd5 14. Qxd5 Be6 15.
Qd2 Qd7 16. c4 Kh8 17. Nc3 f5 18. Rad1 Rbd8 19. Qe2 f4 20. Rd3 Rf7 21. Rfd1 Bf8
22. Bf3 a6 23. Qb2 g5 24. Bh5 Rf6 25. f3 Rh6 26. g4 Rxh5 27. gxh5 g4 28. Nd5
gxf3 29. Rxf3 Bh6 30. Rd2 Bxd5 31. Rxd5 Qg4+ 32. Qg2 Qxh5 33. Rh3 Qf7 34. Kh1
Rg8 35. Qf3 Qg6 36. Rd1 a5 37. Rh5 Bf8 38. Rf5 Be7 39. Qf1 a4 40. Rd2 axb3 41.
axb3 Qe6 42. Qh3 Rg6 43. Rg2 Kg7 44. Rh5 Qxh3 45. Rxh3 Bg5 46. Kg1 h6 47. Rd3
Kf7 48. Kf1 Re6 49. Ra2 Be7 50. Rg2 h5 51. Kf2 Rh6 52. Kf3 Rh8 53. Ra2 1/2-1/2

[Event "19th Voronezh Master Open"]
[Site "Voronezh RUS"]
[Date "2015.06.14"]
[Round "3.3"]
[White "Stukopin, Andrey"]
[Black "Alikulov, Elbek"]
[Result "1-0"]
[WhiteTitle "GM"]
[BlackTitle "FM"]
[WhiteElo "2580"]
[BlackElo "2411"]
[WhiteFideId "24107131"]
[BlackFideId "14203308"]
[EventDate "2015.06.12"]

1. e4 c5 2. Nf3 d6 3. d4 cxd4 4. Nxd4 Nf6 5. Nc3 a6 6. Be3 e5 7. Nb3 Be7 8. h3
O-O 9. g4 a5 10. g5 Nfd7 11. h4 Nc6 12. Nd2 Nb6 13. Nc4 Nxc4 14. Bxc4 Be6 15.
Nd5 Nb4 16. c3 Nxd5 17. Bxd5 Qd7 18. Qd3 a4 19. O-O-O Rfc8 20. a3 Ra5 21. f3
Bxd5 22. exd5 f5 23. gxf6 Bxf6 24. Rhg1 Rf8 25. Rg4 Raa8 26. Rdg1 Rf7 27. h5 Kh8
28. f4 exf4 29. Bxf4 Re8 30. h6 g6 31. Be3 Qe7 32. Rxa4 Kg8 33. Bd2 Qe5 34. Re1 1-0

[Event "19th Voronezh Master Open"]
[Site "Voronezh RUS"]
[Date "2015.06.14"]
[Round "3.5"]
[White "Fedorov, Alexei"]
[Black "Pasiev, Rakhim"]
[Result "1/2-1/2"]
[WhiteTitle "GM"]
[BlackTitle "IM"]
[WhiteElo "2555"]
[BlackElo "2398"]
[WhiteFideId "13500465"]
[BlackFideId "24122475"]
[EventDate "2015.06.12"]

1. e4 c5 2. Nf3 Nc6 3. d4 cxd4 4. Nxd4 e5 5. Nb5 d6 6. c4 Be7 7. b3 a6 8. N5c3
f5 9. exf5 Bxf5 10. Bd3 Bxd3 11. Qxd3 Nf6 12. O-O O-O 13. Nd2 Qe8 14. Nde4 Nxe4
15. Qxe4 Qh5 16. Be3 Rf7 17. Rad1 Kh8 18. h3 Rc8 19. Qg4 Qxg4 20. hxg4 Nb4 21.
Rd2 b5 22. a3 Nc6 23. cxb5 Na5 24. Rd3 axb5 25. Nxb5 e4 26. Rxd6 Nxb3 27. Rd7
Kg8 28. Rb1 Na5 29. Rd4 Rc4 30. a4 Bf6 31. Rxc4 Nxc4 32. Rb4 Nxe3 33. fxe3 Rd7
34. Rxe4 Rd2 35. Kh2 Bh4 36. a5 Ra2 37. Re8+ Kf7 38. Nd6+ Kg6 39. Nc4 Be1 40.
Ne5+ Kh6 41. g5+ Kh5 42. g6 h6 43. Rf8 Bc3 44. Rf5+ Kh4 45. e4 Bxa5 46. Nf3+ Kg4
47. Rf7 Bc3 48. e5 Ra5 49. Rxg7 Bxe5+ 50. Nxe5+ Rxe5 51. Rf7 Re8 1/2-1/2

[Event "19th Voronezh Master Open"]
[Site "Voronezh RUS"]
[Date "2015.06.14"]
[Round "3.6"]
[White "Shubin, Kirill"]
[Black "Demidov, Mikhail"]
[Result "0-1"]
[BlackTitle "IM"]
[WhiteElo "2165"]
[BlackElo "2507"]
[WhiteFideId "34119962"]
[BlackFideId "4197143"]
[EventDate "2015.06.12"]

1. e4 c6 2. d4 d5 3. exd5 cxd5 4. Bd3 Nc6 5. c3 Nf6 6. Bf4 g6 7. h3 Bg7 8. Nf3
O-O 9. O-O Nh5 10. Bh2 Bh6 11. Kh1 f6 12. Re1 Nf4 13. Bc2 Qb6 14. Bb3 Kg7 15.
Bxf4 Bxf4 16. Qe2 e6 17. Nbd2 Bd7 18. c4 Rae8 19. Qd3 Qa5 20. Qc3 dxc4 21. Nxc4
Qxc3 22. bxc3 Rc8 23. Nb2 Na5 24. c4 g5 25. Rad1 Rfe8 26. Nd2 b6 27. Ne4 f5 28.
Nc3 Bd6 29. Nb5 Bb4 30. Re3 a6 31. Nc3 f4 32. Red3 e5 33. Nd5 e4 34. Nxb6 exd3
35. Nxd7 d2 36. Nb6 Re1+ 37. Kh2 Rb8 38. Nd5 Rxd1 39. Nxd1 Nxb3 40. axb3 Ba5 41.
b4 Bxb4 42. c5 a5 0-1

[Event "19th Voronezh Master Open"]
[Site "Voronezh RUS"]
[Date "2015.06.14"]
[Round "3.7"]
[White "Kokarev, Dmitry"]
[Black "Baltabaev, Temirlan"]
[Result "1-0"]
[WhiteTitle "GM"]
[WhiteElo "2639"]
[BlackElo "2240"]
[WhiteFideId "4132181"]
[BlackFideId "4112172"]
[EventDate "2015.06.12"]

1. e4 e5 2. Nf3 Nc6 3. Bb5 a6 4. Ba4 Nf6 5. O-O b5 6. Bb3 Bc5 7. c3 d6 8. d4 Bb6
9. Be3 Bb7 10. Nbd2 O-O 11. h3 Re8 12. d5 Ne7 13. Bxb6 cxb6 14. Qe2 Nd7 15. Rfd1
h6 16. Nf1 a5 17. Bc2 Nc5 18. Ne3 Ba6 19. Qd2 Bc8 20. b4 Na6 21. Bd3 Bd7 22. a3
Rf8 23. Qe2 Nc7 24. Nxe5 dxe5 25. d6 Ng6 26. dxc7 Qxc7 27. Nd5 Qc6 28. Qe3 Rab8
29. Rac1 Kh8 30. Be2 Rfd8 31. Bh5 Be6 32. bxa5 bxa5 33. Bxg6 Bxd5 34. exd5 Qxg6
35. Qxe5 Rb6 36. a4 bxa4 37. c4 Qd6 38. Qxd6 Rbxd6 39. Ra1 Rf6 40. Rd4 Rc6 41.
Rxa4 Rc5 42. Kf1 Kg8 43. Ke2 Kf8 44. Ke3 Ke7 45. Rf4 Rdc8 46. Kd4 R5c7 47. Rf3
Rb8 48. Rxa5 Rb2 49. c5 Rcb7 50. Re3+ Kf6 51. c6 R7b4+ 52. Kc5 Rf4 53. Rf3 Rxf3
54. gxf3 Ke5 55. f4+ Kxf4 56. Kd6 Rxf2 57. c7 1-0

[Event "19th Voronezh Master Open"]
[Site "Voronezh RUS"]
[Date "2015.06.14"]
[Round "3.8"]
[White "Sergienko, Sergey"]
[Black "Aleksandrov, Aleksej"]
[Result "0-1"]
[WhiteTitle "IM"]
[BlackTitle "GM"]
[WhiteElo "2362"]
[BlackElo "2607"]
[WhiteFideId "4115791"]
[BlackFideId "13500139"]
[EventDate "2015.06.12"]

1. Nf3 Nf6 2. g3 b5 3. Bg2 Bb7 4. O-O e6 5. d3 c5 6. e4 d6 7. a4 a6 8. axb5 axb5
9. Rxa8 Bxa8 10. Na3 Qb6 11. Re1 Nbd7 12. Nh4 Bc6 13. c4 b4 14. Nc2 Be7 15. Ne3
Qa6 16. f4 O-O 17. g4 g6 18. Nf3 Ne8 19. g5 Ng7 20. Ng4 f6 21. gxf6 Nxf6 22.
Nh6+ Kh8 23. Ng5 Be8 24. Bh3 Nfh5 25. Rf1 d5 26. exd5 exd5 27. cxd5 Qd6 28. Qe2
Bf6 29. Qxe8 Nxe8 30. Nhf7+ Kg8 31. Nxd6 Nxd6 32. Ne6 Rc8 33. b3 Nf5 34. Bxf5
gxf5 35. Be3 Ng7 36. Kg2 Nxe6 37. dxe6 Kf8 38. Kf3 Ke7 39. Rc1 Bc3 40. d4 c4 41.
bxc4 Kxe6 42. Ke2 Rxc4 43. Kd3 Kd5 44. Rc2 h6 45. Bf2 h5 46. h4 Rc6 47. Re2 Ba1
48. Re5+ Kd6 49. Be1 b3 50. Bb4+ Kd7 51. Ba3 Rc3+ 52. Kd2 Rh3 53. Rxf5 Rxh4 54.
d5 b2 55. Rf7+ Kc8 56. Bxb2 Bxb2 57. Rh7 Rh3 58. Ke2 h4 59. Kf2 Bd4+ 60. Kg2
Rg3+ 61. Kh2 Bg1+ 62. Kh1 Rg4 63. f5 Bd4 64. Kh2 Rf4 65. Rf7 Rf3 66. Rh7 Be5+
67. Kg2 Rg3+ 68. Kf2 Bd4+ 69. Kf1 Bf6 70. Rf7 Rf3+ 71. Kg2 Rxf5 72. Kh1 Kd8 73.
d6 Ke8 74. Rb7 Rf2 75. Ra7 Rd2 76. d7+ Kd8 77. Rb7 Be5 78. Rb4 Bg3 79. Rb7 Bd6
80. Kg1 Rd4 81. Kg2 Bc7 82. Rb3 Kxd7 83. Rf3 Ke6 84. Rf1 Be5 85. Kh1 Bf4 86. Kg2
Kf5 87. Kh3 Rd2 88. Rh1 Rd3+ 89. Kg2 Kg4 90. Rf1 Bg3 91. Kh1 Kh3 92. Rg1 Bf2 93.
Rf1 Rd2 94. Rb1 Be3 0-1

[Event "19th Voronezh Master Open"]
[Site "Voronezh RUS"]
[Date "2015.06.14"]
[Round "3.9"]
[White "Maletin, Pavel"]
[Black "Nozdrachev, Leonid"]
[Result "1-0"]
[WhiteTitle "GM"]
[BlackTitle "FM"]
[WhiteElo "2587"]
[BlackElo "2407"]
[WhiteFideId "4146786"]
[BlackFideId "24113433"]
[EventDate "2015.06.12"]

1. c4 Nf6 2. Nc3 g6 3. g3 Bg7 4. Bg2 O-O 5. d4 d6 6. Nf3 Nc6 7. O-O Rb8 8. b3 a6
9. d5 Ng4 10. Bb2 Nce5 11. Nd4 c5 12. Nc2 b5 13. h3 Nf6 14. f4 Ned7 15. Rb1 bxc4
16. bxc4 Nh5 17. Qd3 e5 18. dxe6 fxe6 19. Bc1 Rxb1 20. Nxb1 g5 21. Nc3 gxf4 22.
gxf4 Qh4 23. e3 Ng3 24. Rf2 Rf6 25. Ne4 Nxe4 26. Qxe4 Rg6 27. Qc6 Qd8 28. Qxd6
Bb7 29. Kf1 Qa8 30. Ne1 Bxg2+ 31. Rxg2 Rxg2 32. Nxg2 Qf3+ 33. Kg1 Nf8 34. Ba3
Qe2 35. Bxc5 Qxa2 36. Qd3 a5 37. Nh4 Qa1+ 38. Kf2 Qb2+ 39. Kg3 a4 40. Nf3 Qc3
41. Qxc3 Bxc3 42. Ba3 Nd7 43. c5 Nb8 44. Ng5 e5 45. f5 Nc6 46. Ne4 Bb4 47. Bb2
a3 48. Ba1 Kf7 49. Kf3 Ne7 50. f6 Ng6 51. Kg4 Ke6 52. c6 Ba5 53. h4 Nh8 54. Ng5+
Kxf6 55. Nxh7+ Ke7 56. Ng5 Bd2 57. Nf3 Bxe3 58. Nxe5 Ng6 59. Nxg6+ Kd6 60. Nf4
Kxc6 61. h5 Bc1 62. Nd3 Be3 63. Kf3 Bh6 64. Ke4 Kd6 65. Bd4 Ke6 66. Bc3 Bg5 67.
Nf4+ Kf7 68. Kf5 Bh6 69. Ne6 Bc1 70. Ng5+ Ke8 71. Kg6 Bb2 72. Ne4 Bxc3 73. Nxc3
Kf8 74. h6 Kg8 75. h7+ Kh8 76. Ne4 a2 77. Nd6 a1=Q 78. Nf7# 1-0

[Event "19th Voronezh Master Open"]
[Site "Voronezh RUS"]
[Date "2015.06.14"]
[Round "3.10"]
[White "Provotorov, Ivan"]
[Black "Burmakin, Vladimir"]
[Result "1/2-1/2"]
[WhiteTitle "FM"]
[BlackTitle "GM"]
[WhiteElo "2357"]
[BlackElo "2571"]
[WhiteFideId "4154657"]
[BlackFideId "4105109"]
[EventDate "2015.06.12"]

1. e4 c6 2. c4 d5 3. exd5 cxd5 4. cxd5 Nf6 5. Nc3 Nxd5 6. Nf3 e6 7. d4 Bb4 8.
Bd2 Nc6 9. Bd3 Be7 10. O-O Bf6 11. Ne4 O-O 12. Nxf6+ Nxf6 13. Bg5 Nb4 14. Ne5
Nxd3 15. Qxd3 Qd5 16. Rfe1 Ng4 17. Qg3 f5 18. Nxg4 fxg4 19. Qxg4 e5 20. Qg3 Qxd4
21. Be7 Re8 22. Rxe5 Qg4 23. Qb3+ Kh8 24. Rae1 Qg6 25. h4 h6 26. h5 Qc6 27. Qf7
Bd7 28. R1e3 Rg8 29. f4 Rac8 30. f5 Qc1+ 31. Kh2 Be8 32. Qb3 Rc2 33. Rg3 Rxb2
34. Qa3 Rb1 35. Qxc1 Rxc1 36. Bc5 Bxh5 37. Bd4 Rc4 38. Bb2 Rb4 39. Bc3 Rh4+ 40.
Kg1 Rg4 41. Rh3 Rc8 42. f6 Bf7 43. fxg7+ Kg8 44. Re7 Rg6 45. Rhe3 Rgc6 46. Be5
Bxa2 47. Rxb7 a6 48. Re7 1/2-1/2

[Event "19th Voronezh Master Open"]
[Site "Voronezh RUS"]
[Date "2015.06.14"]
[Round "3.11"]
[White "Zhurikhin, Alexander"]
[Black "Rychagov, Andrey"]
[Result "1/2-1/2"]
[WhiteTitle "FM"]
[BlackTitle "GM"]
[WhiteElo "2326"]
[BlackElo "2561"]
[WhiteFideId "4139569"]
[BlackFideId "4119932"]
[EventDate "2015.06.12"]

1. d4 Nf6 2. Nf3 e6 3. c4 c5 4. Nc3 cxd4 5. Nxd4 a6 6. e3 Qc7 7. Be2 Be7 8. O-O
O-O 9. Bd2 d6 10. Rc1 Nbd7 11. b3 Rb8 12. f4 Re8 13. g4 Nc5 14. Qc2 b6 15. g5
Nfd7 16. b4 Nb7 17. f5 Ne5 18. f6 Bf8 19. fxg7 Bxg7 20. Ne4 Kh8 21. Nf6 Bxf6 22.
Rxf6 Rg8 23. h4 Nd8 24. c5 bxc5 25. bxc5 dxc5 26. Rh6 Ng6 27. Nf3 Qg3+ 28. Kh1
Qh3+ 29. Kg1 Qg3+ 30. Kh1 e5 31. Bc3 Re8 32. h5 Qh3+ 33. Kg1 Qg3+ 34. Kh1 Qh3+
35. Kg1 Qg3+ 1/2-1/2

[Event "19th Voronezh Master Open"]
[Site "Voronezh RUS"]
[Date "2015.06.14"]
[Round "3.12"]
[White "Zakaryan, David"]
[Black "Maiorov, Nikita1"]
[Result "0-1"]
[WhiteTitle "FM"]
[BlackTitle "GM"]
[WhiteElo "2315"]
[BlackElo "2560"]
[WhiteFideId "24101923"]
[BlackFideId "13501720"]
[EventDate "2015.06.12"]

1. e4 e5 2. Nf3 Nc6 3. Bb5 a6 4. Bxc6 dxc6 5. O-O Qf6 6. d4 exd4 7. Bg5 Qd6 8.
Nxd4 Be7 9. Bxe7 Nxe7 10. Nc3 Bd7 11. Nde2 O-O-O 12. Qxd6 cxd6 13. Rad1 Kc7 14.
f3 f5 15. Ng3 h6 16. Rfe1 fxe4 17. Ncxe4 Nc8 18. Nh5 Rhg8 19. g4 Rde8 20. Kg2
Re7 21. Nf2 Rf7 22. Nd3 Rgf8 23. Re3 Nb6 24. Re4 g5 25. Ne1 c5 26. Ng3 Bc6 27.
Nf5 Bxe4 28. fxe4 Nc4 29. Kg3 Nxb2 30. Rd5 Nc4 31. Nf3 Rf6 32. h4 gxh4+ 33. Kxh4
Re6 34. Kh5 Rxe4 35. N3h4 Rf6 0-1